| 000 | 00365cam a22001217a 4500 | ||
|---|---|---|---|
| 008 | 180718b2007 xxu||||| |||| 00| 0 eng d | ||
| 082 | _aO065x54 H191 | ||
| 100 | _aCensus of India 2001 | ||
| 245 | _aHandbook on census and vital statistics | ||
| 260 |
_aNew Delhi _bOffice of the Registrar General, India _c2007 |
||
| 300 | _a52p. | ||
| 650 | _aVital statistics - India | ||
| 999 |
_c481046 _d481046 |
||